Mazzini and the secret societies : The making of a myth
Enregistré dans:
| Auteur principal: | |
|---|---|
| Format: | Livre |
| Langue: | Undetermined |
| Publié: |
London
Eyre & Spottiswoode
1956
|
| Sujets: | |
| Tags: |
Ajouter un tag
Pas de tags, Soyez le premier à ajouter un tag!
|
| Thư viện lưu trữ: | Trung tâm Học liệu Trường Đại học Cần Thơ |
|---|
| LEADER | 00533nam a2200205Ia 4500 | ||
|---|---|---|---|
| 001 | CTU_81076 | ||
| 008 | 210402s9999 xx 000 0 und d | ||
| 082 | |a 945 | ||
| 082 | |b H167 | ||
| 100 | |a Hales, E. E. Y. | ||
| 245 | 0 | |a Mazzini and the secret societies : | |
| 245 | 4 | |b The making of a myth | |
| 245 | 0 | |c E. E. Y. Hales | |
| 260 | |a London | ||
| 260 | |b Eyre & Spottiswoode | ||
| 260 | |c 1956 | ||
| 650 | |a History | ||
| 650 | |z Italy | ||
| 904 | |i Nguyên,Hải | ||
| 980 | |a Trung tâm Học liệu Trường Đại học Cần Thơ | ||